Catálogo público

Normal view MARC view

Entry Término temático

Number of records used in: 1

001 - NÚMERO DE CONTROL

  • campo de control: 164924

003 - IDENTIFICADOR DEL NÚMERO DE CONTROL

  • campo de control: OSt

005 - FECHA Y HORA DE LA ÚLTIMA TRANSACCIÓN

  • campo de control: 20220127160849.0

008 - DATOS DE LONGITUD FIJA

  • campo de control de longitud fija: 220127|| aca||aabn | a|a d

040 ## - FUENTE DE LA CATALOGACIÓN

  • Centro catalogador/agencia de origen: OSt
  • Centro/agencia transcriptor: OSt

150 ## - ENCABEZAMIENTO--TÉRMINO DE MATERIA

  • Término de materia o nombre geográfico como elemento de entrada: Cucarachas Insecticidas
  • Subdivisión general: residuos

670 ## - FUENTE DE DATOS ENCONTRADOS

  • Cita de la fuente: Work cat.: (OSt)199746: Guillen Sanchez, Dagoberto 51408, Efectos residual de dos formulasiones de clorpirifos en el control de cucaracha alemana (Blatella germanica L. ) (Blattaria_Blattellidae), sobre diferentes materiales /